Welcome to CU Library Online Public Access Catalogue (OPAC)

Law of Arbitration and Conciliation (Record no. 4778)

MARC details
000 -LEADER
fixed length control field 00471nam a22001697a 4500
005 - DATE AND TIME OF LATEST TRANSACTION
control field 20250313211221.0
008 - FIXED-LENGTH DATA ELEMENTS--GENERAL INFORMATION
fixed length control field 250313b |||||||| |||| 00| 0 eng d
020 ## - INTERNATIONAL STANDARD BOOK NUMBER
International Standard Book Number 9788170128861
050 ## - LIBRARY OF CONGRESS CALL NUMBER
Classification number KNS3760
Item number .S16 2009
100 ## - MAIN ENTRY--PERSONAL NAME
Personal name Singh, Avtar
245 ## - TITLE STATEMENT
Title Law of Arbitration and Conciliation
Statement of responsibility, etc. Singh, Avtar
250 ## - EDITION STATEMENT
Edition statement 9th ed.
260 ## - PUBLICATION, DISTRIBUTION, ETC.
Place of publication, distribution, etc. Lucknow ;
Name of publisher, distributor, etc. Eastern Books Company
Date of publication, distribution, etc. c2009
300 ## - PHYSICAL DESCRIPTION
Extent lxx, 560 p, ;
500 ## - GENERAL NOTE
General note Includes subject index
942 ## - ADDED ENTRY ELEMENTS (KOHA)
Source of classification or shelving scheme Library of Congress Classification
Koha item type Books
Suppress in OPAC No
999 ## -
-- 4778
-- 4778
Holdings
Withdrawn status Lost status Source of classification or shelving scheme Damaged status Not for loan Collection Home library Current library Shelving location Date acquired Total checkouts Full call number Barcode Date last seen Copy number Price effective from Koha item type
    Library of Congress Classification     Non-fiction Law Library (Christ Temple) Law Library (Christ Temple) General stacks 03/13/2025   KNS3760.S16 SIN LLCT00000240 03/13/2025 1 03/13/2025 Books
    Library of Congress Classification     Non-fiction Law Library (Christ Temple) Law Library (Christ Temple) General stacks 03/13/2025   KNS3760.S16 SIN LLCT00000663 05/21/2025 2 03/13/2025 Books
© 2023-2024 Copyright: Central University Libraries. All Rights Reserved | Created by: Mahone Tech Office